[Event "Nagykanizsa 1st"]
[Site "Nagykanizsa"]
[Date "2003.11.08"]
[Round "4"]
[White "Erdos, Viktor"]
[Black "Gyimesi, Zoltan"]
[Result "1/2-1/2"]
[WhiteElo "2443"]
[BlackElo "2537"]
[Annotator "Golod,V"]
[PlyCount "59"]
[EventDate "2003.11.05"]
[EventType "tourn"]
[EventRounds "11"]
[EventCountry "HUN"]
[EventCategory "11"]
[SourceTitle "CBM 099"]
[Source "ChessBase"]
[SourceDate "2004.03.30"]
[SourceVersion "1"]
[SourceVersionDate "2004.03.30"]
[SourceQuality "1"]

1. d4 Nf6 2. c4 e6 3. Nc3 Bb4 4. Qc2 O-O 5. e4 d5 6. e5 Ne4 7. a3 ({Besides
White has two principales moves:} 7. Nf3) ({and} 7. Bd3 $5 c5 8. Nge2 {You can
see my comments to Hillarp Persson,T-Polgar,J/Sigeman & Co,2000/CBM 77(1/2-1/2)
(29)} (8. cxd5 {You can see my annotations to game: Ahlander,B-Wedberg,T/
Stockholm,1999/CBM 73(1-0)(43)})) 7... Bxc3+ (7... Ba5 $4 {is refuted by:} 8.
b4 {[%csl Ga3,Ra5,Gb4,Gc4][%cal Gc4c5]}) 8. bxc3 c5 {Black had no other worthy
alternative.} 9. Bd3 $5 {Same position with rearrangement of moves also it is
possible to receive after: 7.Bd3 c5 8.a3 Bxc3+ 9.bxc3} ({Is a possible
continuation of the play:} 9. Bb2 $5 {See comments to Sarkar,J-Shahade,G/
Seattle,2003/CBM 93(1-0)(Atlas,V)(37)}) 9... Qa5 ({On:} 9... cxd4 $5 {you can
find sixteen games}) ({and after:} 9... Nc6 $5 {you can find four game in Mega
Database 2004.}) 10. Ne2 {[%csl Re4][%cal Gf2f3]} ({Twice:} 10. Bxe4) ({
and once:} 10. cxd5 {were checked in the preceding games.}) 10... cxd4 11. cxd5
({Badly at once:} 11. f3 {because of:} dxc4 12. Bxe4 $140 (12. Bxc4 $2 Nxc3 $17
{[%csl Ga5,Re1,Re5]}) 12... d3 {[%csl Rc2,Re2]} 13. Qa2 $1 dxe2 14. Qxc4 Qxe5
15. Ra2 Qh5 16. Rxe2 Nd7 $15) 11... exd5 12. f3 Nxc3 ({Recently was checked up
another continuation:} 12... Nc5 $5 13. Bxh7+ Kh8 14. O-O (14. Bd2 $5) 14...
dxc3 15. Nxc3 Be6 16. f4 Nc6 (16... d4 $5) 17. f5 Kxh7 $2 (17... d4 $1 $15 {
[%csl Rc3][%cal Ga5c3]}) 18. fxe6+ Kg8 19. exf7+ Rxf7 20. Rxf7 Kxf7 21. Bd2 $14
{Ivanisevic,I-Timoshenko,G/Chalkidiki,2002(1-0)(40)}) ({Senselessly:} 12... f5
{in view of:} 13. Nxd4 (13. fxe4 $2 fxe4 {[%csl Rd3,Gd4,Gd5,Ge4]} 14. Nxd4 exd3
15. Qxd3 Nc6 $15) 13... Nc5 14. O-O $14) 13. Nxd4 Nb5+ $5 $146 {This
continuation is the next attempt to bring in a "new word " in theory of this
variation.} ({The games which have reached this position were continued as
follows:} 13... Ne4+ 14. Ke2 Qc3 {[%csl Ra1,Rd4]} 15. Bxe4 Qxd4 (15... Qxa1 $6
16. Bxh7+ Kh8 17. Rd1 $36 {[%csl Ra1] El Gindy,E-Simutowe,A/Abuja,2003(1-0)(29)
}) 16. Bxh7+ Kh8 17. Bb2 Qh4 18. Bd3 Nc6 $13 {Belozerov,A-Sakaev,K/Krasnoyarsk,
2003(1/2-1/2)(26)}) 14. Bd2 $8 Nxd4 15. Bxh7+ {White are obliged to go on this
forced variation.} Kh8 16. Bxa5 $8 (16. Qd3 $4 Qd8 $1 $19 {[%csl Re1,Rh7][%cal
Gd8h4]}) 16... Nxc2+ 17. Bxc2 {+/=/=} Nc6 $6 ({It deserves attention:} 17...
Be6 {[%csl Ra5,Re5][%cal Gb8c6]} 18. Bb4 Rc8 19. Bd3 Nd7 20. Bd6 Nc5 $132 {
[%cal Yc5b3,Yd5d4]}) 18. Bc7 ({Hardly it was better:} 18. Bc3 d4 (18... Rd8 $5
{[%csl Re5][%cal Gd5d4]}) 19. Bb2 {[%csl Rd4]} Re8 20. f4 f6 21. O-O fxe5 22.
fxe5 {[%csl Rh8]} Be6 $11) 18... Bd7 (18... Re8 $143 19. f4 f6 20. O-O $14 {
[%csl Rh8]} (20. O-O-O $5 $14)) 19. Bd6 ({In my opinion,it was better:} 19.
O-O-O $5 Be6 20. Bd6 $14 {[%cal Gf3f4,Gf4f5]}) 19... Rfe8 20. O-O-O ({Leads to
unnecessary complications:} 20. f4 Nd4 21. Bd3 Bf5 22. Rd1 Rac8 23. Kf2 $140
Bxd3 24. Rxd3 Rc2+ 25. Ke3 Nf5+ 26. Kf3 Rec8 $5 $13) 20... Nxe5 21. Rxd5 Rac8 {
[%csl Rc1,Rc2][%cal Gd7a4,Gd7f5]} 22. Kb1 {[%csl Rh8] This move is much better
than:} (22. Rxe5 $6 Rxe5 23. Bxe5 Bf5 {[%csl Rc2,Gc8,Gf5]} 24. g4 Rxc2+ 25. Kd1
Bd3 26. Re1 $11) (22. Bxe5 $6 Ba4 {[%csl Ga4,Rc1,Rc2,Gc8,Re5,Ge8]} 23. Rd2 (23.
Bxg7+ $143 Kxg7 24. Rd2 Re3 {[%csl Ra3,Rc2][%cal Ge3c3]} 25. Kb2 Rxc2+ 26. Rxc2
Bxc2 27. Kxc2 Rxa3 $15) 23... Rxe5 24. Rhd1 $11 {[%csl Rh8][%cal Gd2d8]}) 22...
Ng6 ({Immediately loses a game the following move:} 22... Nc4 $4 23. Rh5+ Kg8
24. Bh7+ Kh8 25. Bf5+ Kg8 26. Bxd7 $18) ({After:} 22... f6 23. Bxe5 Bc6 24. Ra5
Rxe5 25. Rxe5 fxe5 26. Re1 Re8 27. Be4 $1 $14 {White receives a obvious
advantage in R endgame.}) 23. h4 {[%csl Rh8][%cal Gh4h5]} (23. Bxg6 $143 fxg6
24. Rd2 {+/=/=}) 23... Kg8 ({It was necessary to decide on the more active
continuation:} 23... Re2 $5 24. h5 (24. Bd3 Rxg2 25. h5 Nf8 26. Bxf8 {[%csl
Rd7]} Be6 {[%csl Rd5,Rf8]} 27. Bxg7+ Kxg7 28. h6+ Kh8 $11) 24... Rcxc2 (24...
Ne7 $143 25. Bxe7 Rxe7 26. Rhd1 Be6 27. Rd6 {+/=/=}) 25. hxg6+ Kg8 26. Rh8+ $1
(26. Bf4 Be8 $11) 26... Kxh8 27. gxf7 {[%csl Rh8][%cal Gd5h5,Gf7f8]} Rb2+ 28.
Kc1 {[%tqu "En","How to get a draw with Black here?","","","h8h7","",10]} Kh7
$3 29. f8=Q $140 (29. Rh5+ Kg6 30. f8=Q Rbc2+ $11 {[%csl Gc2,Ye2][%cal Gc2d2,
Gc2b2,Gb2a2]}) 29... Rec2+ 30. Kd1 Rxg2 {[%cal Gg2g1,Gb2b1]} 31. Kc1 (31. Rh5+
Kg6 32. Kc1 Rbc2+ $11 {[%csl Gc2,Yg2][%cal Gc2b2,Gb2a2,Gc2d2,Gd2e2,Ge2f2]})
31... Rgc2+ 32. Kd1 Rg2 $11) 24. h5 Ne7 25. Re5 (25. Rc5 $5) 25... Nc6 26.
Rxe8+ Rxe8 27. Be4 ({Probably it was a little better:} 27. Rd1 $5 {+/=/=})
27... Nd4 28. Rd1 ({Pretty dubiously:} 28. Bxb7 {in view of:} Bf5+ $36 {
[%csl Rb1][%cal Ge8e2]}) 28... Nb5 {[%csl Rb1,Rd1,Rd6][%cal Gb5c3,Gb5d6]} 29.
Bb4 Bc6 30. Bd3 {+/=/= From my point of view Viktor Erdos could continue the
game without big risk on a loss.} (30. Bxc6 $142 bxc6 {[%csl Ra3,Yb4,Rc3][%cal
Ga7a5,Gc6c5,Gb5a3,Gb5c3]} 31. Rc1 $14) 1/2-1/2

[Event "Corus"]
[Site "Wijk aan Zee"]
[Date "2002.01.20"]
[Round "7"]
[White "Gelfand, Boris"]
[Black "Leko, Peter"]
[Result "1/2-1/2"]
[WhiteElo "2703"]
[BlackElo "2713"]
[Annotator "Golod,V"]
[PlyCount "81"]
[EventDate "2002.01.12"]
[EventType "tourn"]
[EventRounds "13"]
[EventCountry "NED"]
[EventCategory "18"]
[SourceTitle "CBM 087"]
[Source "ChessBase"]
[SourceDate "2002.03.21"]
[SourceVersion "1"]
[SourceVersionDate "2002.03.21"]
[SourceQuality "1"]

1. d4 Nf6 2. c4 e6 3. Nc3 Bb4 4. Qc2 O-O 5. a3 Bxc3+ 6. Qxc3 b6 7. Bg5 Bb7 8.
f3 h6 9. Bh4 d5 10. e3 Nbd7 11. cxd5 Nxd5 12. Bxd8 Nxc3 13. Bh4 Nd5 14. Bf2 c5
15. e4 {Earlier I considered,that this move looks more poorly than 15.Bb5,but
now I think that in this variant, white can receive only minimal advantage.} (
15. Bb5 $5 {You can see comments to games: Kramnik,V-Kasparov,G/London,2000/
CBM 79 (1/2-1/2)(Golod,V)(38) and Golod,V-Pilgaard,K/Ubeda,2001(1/2-1/2)(Golod,
V)(72)}) 15... Ne7 ({Pretty dubiously:} 15... Nf4 $6 {You can see comments to
Sokolov,I-Hansen,C/Malmo,2001/CBM 84(1-0)(Golod,V)(41)}) 16. Bb5 Bc6 {[%mdl 4]}
({In my opinion,it was a little better:} 16... Nc6 $5 17. Ne2 a6 {See comments
to Gurevich,M-Lutz,C/Essen,2001/CBM 83(1/2-1/2)(Golod,V)(45)} (17... Rfc8 {
You can see comments to Teplitsky,Y-Gershon,A/Bermuda,1999/CBM 69(1/2-1/2) 
(Golod,V)(27)})) 17. Bxc6 ({Weakly:} 17. Ba6 {in view of:} b5 {[%csl Ra6][%cal
Gd7b8]}) 17... Nxc6 18. Ne2 $5 $146 ({Was checked in the previous game:} 18.
dxc5 $5 Nxc5 19. O-O-O (19. Bxc5 $143 bxc5 20. O-O-O Rab8 $5 {/\Na5-c4 or Rb3,
Rfb8|^} (20... Nd4 $5 {[%csl Gd4]})) 19... Ne5 $11 (19... Rac8 $143 20. Ne2 Ne5
21. Kb1 {+/=/=}) 20. Kb1 {1/2-1/2 Golod,V-Lerner,K/chT of Israel,2001(20):} ({
Much worse is:} 20. Bxc5 {because of:} Rac8 21. Ne2 Rxc5+ 22. Kb1 Rfc8 {
and in position of black there are no problems.} (22... Nc4 $5 $13 {[%cal
Gc5b5]})) {The provisional equality of a position confirms the following
variant:} 20... Rfd8 $5 (20... Ned3 $143 21. Bxc5 Nxc5 22. Ne2 {[%csl Gb1,Rg8]
+/=/=}) (20... Ncd3 $5 21. Bd4 (21. Be3 $4 Nxb2 $17 {[%csl Rb2,Re3,Ge5][%cal
Ge5c4]}) 21... Rfd8 22. Ne2 $140 Rxd4 $1 23. Nxd4 Nf2 24. Kc2 Rc8+ 25. Kb3 Nxd1
26. Rxd1 Rd8 27. Kc3 Rc8+ 28. Kb3 $11) 21. Ne2 Nc4 22. Ka2 Nd3 23. Bd4 $140
Rxd4 {(an interesting idea which was mentioned by Kantsler,B after the game)}
24. Nxd4 Ndxb2 25. Rb1 Rd8 26. Nc2 Na4 27. Kb3 b5 $44) 18... Rfd8 $6 {After
this inaccurate move Boris Gelfand has a slight positional advantage in the
endgame. From my point of view,leads to equality:} (18... cxd4 $5 19. Nxd4 Nxd4
(19... Rac8 $5 $11 {Lerner,K}) 20. Bxd4 Rac8 21. Rf1 Rc2 22. Rf2 Rfc8 23. Bc3
Rxf2 24. Kxf2 Nc5 $11 {[%csl Rb2,Rc3][%cal Gc5a4]}) 19. O-O-O {[%cal Gd4d5,
Gd4c5] +/=/=} ({Pretty dubiously:} 19. dxc5 {in view of:} Nxc5 20. Bxc5 bxc5
$36 {[%csl Rb2,Rd3][%cal Gc6e5,Ga8b8,Gb8b2]}) 19... cxd4 {Already,it was
necessary to exchange the pawn "d4" at the centre.} 20. Nxd4 Nde5 {[%csl Yc6,
Ye5][%cal Ye5c6,Yc6e5]} ({Is a possible continuation of the play:} 20... Rac8 {
[%csl Rc1,Gc8]} 21. Nxc6 (21. Kb1 $5) 21... Rxc6+ 22. Kb1 {[%csl Rd7]} Kf8 23.
Rd3 Ke8 24. Rhd1 Rcc8 {[%csl Yc8,Rd8][%cal Yc8d8,Ye8d8] +/=/=}) 21. Kb1 ({
There is no sense to hasten with general exchange:} 21. Nxc6 Nxc6 22. Rxd8+
Rxd8 23. Rd1 Rxd1+ 24. Kxd1 Kf8) 21... Nxd4 22. Rxd4 {[%mdl 4096]} Kf8 {
[%csl Yf8][%cal Yf8e8] The time,to move the king in the centre.} 23. Rc1 Ke8 $5
{Black,already,see a position, which will be in a game,after 28-th move.} 24.
Rc7 $140 Rdc8 {[%csl Gc7,Yc8]} 25. Rb7 Rcb8 $8 ({Loses right away:} 25... Nc6 {
because of:} 26. Rdd7 Nd8 (26... Ne5 27. Re7+ Kf8 28. f4 $18 {[%csl Ye5,Rf7]
[%cal Gf4e5]}) 27. Re7+ Kf8 28. Rxa7 $18) 26. Rxb8+ Rxb8 27. Bg3 {[%csl Rb8,
Re5]} f6 $8 28. Bxe5 {Hardly,at white there is a best continuation.} fxe5 29.
Rc4 ({Senselessly:} 29. Rd6 Ke7 30. Rc6 Kd7 $11) 29... Kd7 30. Kc2 Rc8 $1 {
Black precisely have calculated consequences of this exchange!} 31. Rxc8 Kxc8
32. Kd3 Kd7 33. h4 g6 ({Badly:} 33... g5 $2 {because of:} 34. hxg5 hxg5 35. Ke3
{[%csl Rg5][%cal Ge3f2,Gf2g3,Gg3g4] with good chance to win.}) 34. g3 g5 $1 {
Now,the white is not have point "g3" for the king.} 35. Ke3 ({It was necessary
to check up the defence of black,after:} 35. hxg5 hxg5 36. Ke3 (36. Kc4 $144
Kc6 37. a4 a6 38. b4 b5+ 39. axb5+ axb5+ 40. Kd3 Kd6 41. Ke3 Ke7 42. Kf2 Kf6
43. Kg2 Kg6 44. Kh3 Kh5 $11) 36... Ke7 37. f4 (37. Kf2 Kf6 38. Kg2 Kg6 39. Kh3
Kh5 $11) 37... gxf4+ 38. gxf4 Kf6 $11) 35... gxh4 36. gxh4 Ke7 $11 37. Kf2 Kf6
38. Kg3 Kg6 39. Kg4 Kg7 40. Kg3 (40. f4 exf4 41. Kxf4 Kf6 $11) 40... Kg6 41.
Kg4 (41. Kg4 Kg7 $11) 1/2-1/2

[Event "EU-chT (Men) 15th"]
[Site "Gothenburg"]
[Date "2005.08.01"]
[Round "3.3"]
[White "Ivanisevic, Ivan"]
[Black "Gyimesi, Zoltan"]
[Result "1-0"]
[WhiteElo "2577"]
[BlackElo "2628"]
[Annotator "Golod,V"]
[PlyCount "117"]
[EventDate "2005.07.30"]
[EventType "team-swiss"]
[EventRounds "9"]
[EventCountry "SWE"]
[SourceTitle "CBM 109"]
[Source "ChessBase"]
[SourceDate "2005.11.14"]
[SourceVersion "1"]
[SourceVersionDate "2005.11.14"]
[SourceQuality "1"]
[WhiteTeam "Serbia & Montenegro"]
[BlackTeam "Hungary"]
[WhiteTeamCountry "YUG"]
[BlackTeamCountry "HUN"]

1. d4 Nf6 2. c4 e6 3. Nc3 Bb4 4. Qc2 O-O 5. a3 Bxc3+ 6. Qxc3 b6 7. Bg5 Ba6 8.
Qf3 Nc6 9. e3 Bb7 10. Qd1 d6 11. Ne2 Nb8 12. Nc3 Nbd7 13. Bd3 {I'm not sure
that White needs to sacrifice a pawn in such an early stage of the game.
Besides this move, White could choose between:} (13. d5 $5 {You can see my
annotations to Golod,V-Soffer,R/ISR,2002/CBM 89(1/2-1/2)(23)}) ({and} 13. f3 $5
) 13... c5 $6 $146 {A very solid move. In two previous games the following
moves were checked:} (13... h6 $5 14. Bh4 Bxg2 (14... c5 $143 15. d5 Qe7 16.
Be2 Rad8 (16... a6 $5) 17. O-O exd5 18. cxd5 a6 19. a4 Rc8 20. Qb3 Rfe8 21.
Rad1 $14 {Huang Qian-Zayac,E/Moscow,2004(1/2-1/2)(71)}) 15. Rg1 Bb7 16. Ne4 Kh8
17. Qf3 Bxe4 18. Bxe4 $44 Rb8 19. Rxg7 (19. Bc6 $5) 19... Kxg7 20. Qg3+ Kh8 21.
Qf4 Kg7 22. Qg3+ Kh8 23. Qf4 Kg7 24. Qg3+ Kh8 {1/2-1/2 Herraiz Hidalgo,
H-Delgado,N/Havana,2003(24)}) ({Taking on g2 could be recommended to adepts of
"computer chess":} 13... Bxg2 $5 14. Rg1 Bb7 15. Bh6 Ne8 {with a tough
position.}) 14. O-O $14 {White's advantage is clear thanks to the pair of
bishops and the space advantage.} Qe7 15. d5 $1 {[%csl Rb7] Ivan Ivanisevic
decided to close the centre in order to enlarge his space advantage and at the
same time neutralizing the black bishop on b7.} Rfe8 (15... exd5 $6 16. cxd5
Ne5 (16... h6 $143 17. Bh4 g5 18. Bg3 Nxd5 19. Nxd5 Bxd5 20. Bf5 Nf6 21. e4
Bxe4 22. Bxd6 Qb7 23. Bxe4 Qxe4 24. Bxf8 Rxf8 25. Qd6 $16) 17. Bc2 Ba6 18. Re1
{[%cal Ge3e4,Gf2f4] +/=/+/-}) 16. e4 h6 17. Bh4 e5 $6 {A strategical mistake.
After this move White starts to realize the usual plan for such structures:
Rb1, b4 etc.. Black, without options to counterplay, is doomed to a long and
passive defence.} ({Much better was:} 17... Ne5 18. Be2 Ng6 19. Bg3 $14) 18.
Rb1 {[%cal Gb2b4]} g5 19. Bg3 Kg7 (19... Nf8 $5 {[%csl Rf4][%cal Gf8g6,Gg6f4]})
20. Qe2 Bc8 21. Bc2 Nf8 22. b4 Bd7 {During the last few moves both sides
regrouped their forces.} 23. f3 {The idea of this move is to include the
black-squared bishop to the game, but White missed a good option to enter with
his rook to the seventh rank:} (23. bxc5 $5 bxc5 ({or} 23... dxc5 24. a4 $16 {
[%cal Ga4a5]}) 24. Rb7 Reb8 25. Rfb1 Rxb7 26. Rxb7 $16) 23... Rec8 ({After:} 
23... Nh5 24. Bf2 Nf4 25. Qd2 $16 {White's advantage is also obvious.}) 24. Bf2
$16 Ng6 25. bxc5 bxc5 26. Qd2 $6 ({This natural continuation looks good enough:
} 26. Rb7 $5 Rcb8 27. Rfb1 Rxb7 28. Rxb7 $16) 26... Rcb8 {<->b} 27. Rxb8 Rxb8
$14 28. Nd1 {[%csl Rf5][%cal Gd2a5,Gd1e3,Ge3f5]} Qd8 $6 {So passive. Now it
was a good time to think about more active moves:} (28... Rb6 $142 29. Ne3 (29.
Qa5 $143 Bc8) 29... Nf4 $14) 29. g3 Qe7 (29... Bh3 $6 30. Re1 $140 g4 $2 31. f4
$16 {[%csl Rh3]}) 30. Ne3 Qd8 31. Qc3 Qb6 32. Kh1 {A very strange move. The
only explanation that I could suggest: By this move, Ivan Ivanisevic provokes
his opponent to play 32...Qb2 in order to exchange the queens. He correctly
assessed that it would have been much easier for him to break through black's
position after the exchange of the queens.} ({After:} 32. Rb1 Qc7 33. Rxb8 Qxb8
{White continues to keep an advantage, but he still needs to think hard in
order to convert this advantage in to a point.}) 32... Qb2 $6 {In my opinion,
it was better for Black to avoid the exchange of the queens as it was
explained previously.} (32... Qc7 $5) (32... Qd8 $5) 33. Be1 Qxc3 34. Bxc3 $16
{The game transferred to the ending. Black needs a lot of patience in order to
defend this position, whereas White plays without any risk.} Kf8 35. Kg2 Ke7
36. Kf2 Nh5 37. Rh1 Ng7 38. Ke2 f6 39. Kd2 Kf7 40. Ba5 Rb7 41. h4 $1 {White's
pieces are placed perfectly and he starts active actions.} gxh4 $140 {In other
lines Black also has serious problems:} (41... h5 $6 42. Nf5 Bxf5 (42... Nxf5
43. exf5 Ne7 44. g4 hxg4 45. fxg4 gxh4 46. Rxh4 $16) 43. exf5 Ne7 44. g4 gxh4
45. Rxh4 $16) (41... Bc8 42. Nf5 Nxf5 43. exf5 Ne7 44. g4 $16) 42. Nf5 Bxf5 (
42... Nxf5 $143 43. exf5 Ne7 44. g4 {[%csl Rh4,Rh6]} h5 $140 45. Rxh4 hxg4 46.
Rh7+ Ke8 47. fxg4 $16) 43. exf5 Nf8 ({Maybe better was to put the knight on e7:
} 43... Ne7 44. g4 h5 45. Rxh4 $16) 44. Rxh4 Rb2 {Finally Black could activate
his rook.} (44... h5 $2 45. g4 hxg4 46. fxg4 {+/-/+-}) 45. g4 (45. Kc3 $143 Ra2
46. Kb3 Ra1 47. g4 Rf1 48. Be4 h5 49. Bd2 $16) 45... Ra2 46. Rxh6 Rxa3 47. Bd8
Ne8 (47... Nd7 $144 48. Be4 {/\g5}) 48. Be4 Rb3 $2 {Black missed a good chance
for some counterplay:} (48... Kg7 $142 49. Rh1 Nh7 50. Rb1 Ng5 {[%csl Rf3]} 51.
Rb7+ Kf8 52. Be7+ Kg8 53. Rd7 $16) 49. g5 fxg5 50. Bxg5 Rb2+ (50... Kg7 $2 {
loses immediately:} 51. f6+ Kf7 52. Kc2 Ra3 {[%tqu "En","Find the best
continuation for White?","","","e4g6","",10]} 53. Bg6+ $1 Nxg6 54. Rh7+ Kf8 $8
(54... Kg8 55. f7+ Kf8 56. Bh6+ Ng7 (56... Ke7 57. f8=Q+) 57. Rxg7 $18) 55.
Bh6+ Kg8 56. f7+ Kxh7 57. fxe8=Q Kxh6 58. Qc6 $18 {[%csl Gd5,Rd6]}) 51. Kc3 Rg2
52. Bd8 Nd7 $2 {The final mistake. Probably Zoltan Gyimesi forgot that the
white rook could go to e6.} (52... Kg7 $5) 53. Re6 $18 {[%cal Ge6e7]} Rg7 ({
After:} 53... Ndf6 54. Bxf6 Nxf6 55. Rxd6 {White's position is also winning.})
54. Kb3 Kf8 $2 (54... a6 $142 55. Ka4 {[%csl Ra6][%cal Ga4a5,Ga5a6]}) 55. f6
Rg1 56. f7 $1 Ng7 (56... Kxf7 $2 57. Re7+ Kf8 58. Rxd7 $18) 57. Rxd6 Nb6 58.
Bxb6 axb6 59. Bg6 {[%cal Gd6d8] A very good positional game.} 1-0